|
|
|
|
| LEADER |
00000nam2a2200000 4500 |
| 001 |
293700 |
| 005 |
20231102000623.0 |
| 035 |
|
|
|a (RuTPU)RU\TPU\book\318740
|
| 035 |
|
|
|a RU\TPU\book\314708
|
| 090 |
|
|
|a 293700
|
| 100 |
|
|
|a 20150505d1983 k y0rusy5003 ca
|
| 101 |
0 |
|
|a rus
|
| 102 |
|
|
|a UA
|
| 105 |
|
|
|a a z 001zy
|
| 200 |
0 |
|
|a Вып. 25
|
| 210 |
|
|
|d 1983
|
| 215 |
|
|
|a 108 с.
|c ил.
|
| 320 |
|
|
|a Библиография в конце статей
|
| 461 |
|
1 |
|0 (RuTPU)RU\TPU\book\200052
|t Квантовая электроника
|o республиканский межведомственный сборник научных трудов
|f Академия наук Украинской ССР (АН УССР), Институт полупроводников (ИП); отв. ред. М. П. Лисица
|v Вып. 25
|d 1966-1991
|
| 606 |
1 |
|
|a Квантовая электроника прикладная
|2 stltpush
|3 (RuTPU)RU\TPU\subj\14226
|9 40681
|
| 610 |
1 |
|
|a заряженные частицы
|
| 610 |
1 |
|
|a коротковолновые излучения
|
| 610 |
1 |
|
|a индуцированное излучение
|
| 610 |
1 |
|
|a естественные пустотелые кристаллические каналы
|
| 610 |
1 |
|
|a лазерные резонаторы
|
| 610 |
1 |
|
|a внутреннее излучение
|
| 610 |
1 |
|
|a импульсы
|
| 610 |
1 |
|
|a генерация
|
| 610 |
1 |
|
|a кристаллы
|
| 610 |
1 |
|
|a генерационные характеристики
|
| 610 |
1 |
|
|a пассивные оптические компоненты
|
| 610 |
1 |
|
|a двухатомные молекулы
|
| 610 |
1 |
|
|a электронные переходы
|
| 610 |
1 |
|
|a свет
|
| 610 |
1 |
|
|a усиление
|
| 610 |
1 |
|
|a расчет
|
| 610 |
1 |
|
|a лазеры с оптической накачкой
|
| 610 |
1 |
|
|a мощность
|
| 610 |
1 |
|
|a стабилизация
|
| 610 |
1 |
|
|a монокристаллы
|
| 610 |
1 |
|
|a пленки
|
| 610 |
1 |
|
|a люминесценция
|
| 610 |
1 |
|
|a халькогенидные стекла
|
| 610 |
1 |
|
|a частично когерентное излучение
|
| 675 |
|
|
|a 621.375.8
|z rus
|v 4
|
| 801 |
|
0 |
|a RU
|b 63413507
|c 19950704
|g psbo
|
| 801 |
|
1 |
|a RU
|b 63413507
|c 20110614
|
| 801 |
|
2 |
|a RU
|b 63413507
|c 20170720
|g RCR
|
| 942 |
|
|
|c BK
|